| 000 | 00597nam a2200193Ia 4500 | ||
|---|---|---|---|
| 003 | GCL | ||
| 008 | 140319s9999 xx 000 0 ara d | ||
| 040 |
_aGCL / _cGCL |
||
| 082 | 0 | 4 |
_a891.87 _bس د |
| 100 | 1 | _aسليموفبتش، ميشا | |
| 245 | 1 | 0 |
_aالدرويش والموت / _cسليموفبتش، ميشا |
| 700 | 1 | _aحسين عبداللطيف (مترجم) | |
| 700 | 1 | _aاحمد عبداللطيف | |
| 300 | _a477 ص | ||
| 490 |
_aالهيئة العامة للاستعلامات _v0 |
||
| 650 | 0 | 4 | _aالادب |
| 650 | 0 | 4 | _aالقصص الاجتماعية |
| 942 |
_2ddc _cBK |
||
| 999 |
_c47480 _d47480 |
||